Tapisserie de la reine Mathilde dite Tapisserie de Bayeux : réproduction intégrale d'aprés des photographies prises directament sur la tapisserie (Record no. 91316)

MARC details
000 -LEADER
campo de control de longitud fija 00653nam a2200169 i 4500
001 - NÚMERO DE CONTROL
campo de control 91316
003 - IDENTIFICADOR DE NÚMERO DE CONTROL
campo de control ES-MaACL
005 - FECHA Y HORA DE LA ÚLTIMA TRANSACCIÓN
campo de control 20230906180707.0
007 - CAMPO FIJO DE DESCRIPCIÓN FÍSICA--INFORMACIÓN GENERAL
campo de control de longitud fija t|
008 - DATOS DE LONGITUD FIJA--INFORMACIÓN GENERAL
campo de control de longitud fija 050128q1909 fr ||||1| fre d
100 1# - ENTRADA PRINCIPAL--NOMBRE DE PERSONA
Nombre de persona Levé, A.
9 (RLIN) 71920
245 10 - MENCIÓN DEL TÍTULO
Título Tapisserie de la reine Mathilde dite Tapisserie de Bayeux : réproduction intégrale d'aprés des photographies prises directament sur la tapisserie
Resto del título = Queen Matilda's tapestry kmown as, The Bayeus Tapestry /
Mención de responsabilidad, etc. A. Levé.
260 ## - PUBLICACIÓN, DISTRIBUCIÓN, ETC.
Lugar de publicación, distribución, etc. París :
Nombre del editor, distribuidor, etc. Henri Laurens,
Fecha de publicación, distribución, etc. [1909?]
300 ## - DESCRIPCIÓN FÍSICA
Extensión [4] p., 8 p. de lám. ;
Dimensiones 25 x 32 cm (apais.)
630 04 - PUNTO DE ACCESO ADICIONAL DE MATERIA--TÍTULO UNIFORME
Título uniforme Tapiz de Bayeux.
9 (RLIN) 157833
852 ## - LOCALIZACIÓN
Ubicación ES-MaACL
Número de control de estantería 1558-F-17
Holdings
Estatus retirado Estado de pérdida Estado de daño No para préstamo Colección Biblioteca de origen Biblioteca actual Ubicación en estantería Fecha de adquisición Fuente de adquisición Total de préstamos Signatura topográfica completa Código de barras Visto por última vez Precio de reemplazo Tipo de ítem Koha
        Colección de folletos Biblioteca del Ateneo de Madrid Biblioteca del Ateneo de Madrid Depósito folletos 17/01/2008     1558-F-17 1095337 23/02/2023 23/02/2023 Folleto